Contribución al estudio del apodo en habla bogotana

Tallennettuna:
Bibliografiset tiedot
Päätekijä: Lozano Ramírez, Mariano (autor)
Aineistotyyppi: Kirja
Kieli:espanja
Julkaistu: Bogotá Instituto Caro y Cuervo 1999
Sarja:Series Minor, 41
Aiheet:
Tagit: Lisää tagi
Ei tageja, Lisää ensimmäinen tagi!

MARC

LEADER 00000nam a2200000 a 4500
001 UCO9517
003 CL-VaPUC
008 010302e19990000CK |||||||||||||||||spa|d
082 0 4 |a 306.44  |b LOZ  |2 21 
100 |a Lozano Ramírez, Mariano  |e autor  |9 558238 
245 1 0 |a Contribución al estudio del apodo en habla bogotana 
300 |a 400 p 
942 |c BK 
945 |d 20010302 00:00:00  |a cmena 
260 |a Bogotá  |b Instituto Caro y Cuervo  |c 1999 
650 0 |a Apodos   |9 454749 
650 0 |a Sociolingüística  |9 263716 
650 0 |a Investigación lingüística  |9 329785 
651 0 |a Colombia  |9 256424 
583 |a last modification  |c 20010302 00:00:00  |k Rodrigo Vera 
490 0 |a Series Minor, 41 
999 |c 293720  |d 293718 
952 |0 0  |1 0  |4 0  |6 306_440000000000000_LOZ_1999  |7 0  |8 P  |9 345421  |a BIBEDU  |b BIBEDU  |c BIBEDU_PB  |d 2019-11-20  |i 3673162  |o 306.44 LOZ 1999  |p 3673162  |r 2024-01-25  |w 2019-11-20  |y BK  |k LIT 
952 |0 0  |1 0  |4 0  |6 306_440000000000000_LOZ_1999  |7 0  |8 P  |9 345422  |a BIBEDU  |b BIBEDU  |c BIBEDU_PB  |d 2019-11-20  |i 3695980  |o 306.44 LOZ 1999  |p 3695980  |r 2024-01-25  |w 2019-11-20  |y BK  |k LIT